|
|
|
|
| LEADER |
00000nam a22000005a 4500 |
| 001 |
15877 |
| 003 |
CL-ChBUA |
| 005 |
20120815103558.0 |
| 008 |
070301s1967 ag 000 0dspa |
| 040 |
|
|
|a CL-ChBUA
|c CL-ChBUA
|
| 082 |
0 |
0 |
|a 330.98
|
| 090 |
|
|
|c 15877
|d 15877
|
| 100 |
1 |
|
|a Herrera, Felipe.
|
| 245 |
1 |
0 |
|a América Latina integrada
|
| 260 |
|
|
|b Losada.
|a Buenos Aires.
|c 1967.
|
| 300 |
|
|
|a 397 p.
|c 20 cm.
|
| 504 |
|
|
|a Bibl.; índice.
|
| 650 |
|
4 |
|a INTEGRACION LATINOAMERICANA.
|
| 650 |
|
4 |
|a AMERICA LATINA-INTEGRACION ECONOMICA.
|
| 942 |
|
|
|c LIB
|
| 952 |
|
|
|0 0
|1 0
|2 ddc
|4 0
|6 330_980000000000000_H_565
|7 0
|9 22101
|a UNACH
|b UNACH
|c 300
|d 2007-03-05
|i 7.395.
|l 0
|o 330.98 / H 565
|p 23100
|r 2012-12-27 00:00:00
|t 1
|u 22101
|w 2012-08-08
|y LIB
|
| 952 |
|
|
|0 0
|1 0
|2 ddc
|4 0
|6 330_980000000000000_H_565
|7 0
|9 22102
|a UNACH
|b UNACH
|c 300
|d 2007-03-05
|i 13.972
|l 0
|o 330.98 / H 565
|p 23101
|r 2012-12-27 00:00:00
|t 2
|u 22102
|w 2012-08-08
|y LIB
|
| 999 |
|
|
|c 15877
|d 15877
|